Les personnages de Desperate Housewives en photos - Statistiques

Statistiques générales
  • Ce quiz a été pris 1 851 fois
  • Le résultat moyen est 38 sur 79
Statistiques - réponses
Par images Réponse % Correct
Bree
99%
Susan
98%
Carlos
97%
Lynette
97%
Tom
96%
Gaby
94%
Mike
94%
Juanita
91%
Julie
90%
Orson
88%
Karl
87%
Rex
85%
MJ
83%
Mary Alice
80%
Edie
76%
Danielle
75%
Andrew
74%
John
74%
Paul
74%
Preston
73%
Porter
71%
Célia
69%
Katherine
69%
Renée
67%
Lee
65%
Karen
63%
Angie
62%
Penny
61%
Betty
60%
Parker
60%
Bob
59%
Dave
56%
George
55%
Zach
55%
Eddie
50%
Felicia
49%
Kayla
49%
Grace
48%
Alma
45%
Martha
45%
Dylan
42%
Victor
41%
Ana
40%
Alejandro
39%
Danny
35%
Ian
35%
Ben
34%
Beth
34%
Caleb
33%
Nick
33%
Chuck
32%
Ida
32%
Matthew
32%
Stella
30%
Adam
27%
Jackson
27%
Roy
27%
Keith
26%
Robin
26%
Austin
22%
Jane
22%
Xiao Mei
21%
Nora
20%
Eli
19%
Gloria
18%
Sophie
18%
Wayne
18%
Alex
16%
Patrick
16%
Travers
16%
Phyllis
15%
Irina
14%
Sam
13%
Trip
13%
Art
11%
Ellie
10%
Roberta
10%
Jenny
8%
Rebecca
4%
Aucun quiz correspondant
Distribution des résultats
% des personnes avec chaque résultat
Percentile par nombre de réponses
Votre historique - résultats
Vous n’avez pas pris ce quiz